000 00540cam a2200169 a 4500
010 _a
020 _a9781558603394
040 _aDLC
_cDLC
_dDLC
082 0 0 _a005.2752
_221
100 1 _aPacheco, Peter S.
245 1 0 _aParallel programming with MPI
_cPeter S. Pacheco.
260 _aSan Francisco, Calif. :
_bMorgan Kaufmann Publishers,
_cc1997.
300 _axxii, 418 p. :
_bill. ;
_c24 cm.
504 _aIncludes bibliographical references (p. 403-406) and index.
650 0 _aParallel programming (Computer science)
942 _2ddc
_cBK
999 _c11376
_d11376